The first forty-nine stories (Record no. 63864)
[ view plain ]
| 000 -LEADER | |
|---|---|
| fixed length control field | 00662nam a2200157 a 4500 |
| 008 - FIXED-LENGTH DATA ELEMENTS--GENERAL INFORMATION | |
| fixed length control field | 160824s9999 ||||||||||||||||| || u |
| 020 ## - INTERNATIONAL STANDARD BOOK NUMBER | |
| International Standard Book Number | 9780099339212 |
| 050 ## - LIBRARY OF CONGRESS CALL NUMBER | |
| Classification number | PS 3515.E37F5 |
| 100 ## - MAIN ENTRY--PERSONAL NAME | |
| Personal name | Hemingway, Ernest |
| 245 14 - TITLE STATEMENT | |
| Title | The first forty-nine stories |
| Statement of responsibility, etc. | By Ernest Hemingway |
| 260 ## - PUBLICATION, DISTRIBUTION, ETC. | |
| Place of publication, distribution, etc. | London |
| Name of publisher, distributor, etc. | Arrow Books |
| Date of publication, distribution, etc. | |
| 300 ## - PHYSICAL DESCRIPTION | |
| Extent | viii, 467p. |
| 650 ## - SUBJECT ADDED ENTRY--TOPICAL TERM | |
| Topical term or geographic name entry element | ENGLISH LANGUAGE |
| 995 ## - | |
| -- | FICTION Collection |
| -- | 746839 |
| -- | CBU-MAIN LIBRARY (Kitwe) |
| -- | PS 3515.E37F5 |
| -- | 1 |
| -- | AVAILABLE |
| -- | Sep 21, 2016 |
| -- | 746839 |
| -- | Fiction Collection |
| 995 ## - | |
| -- | FICTION Collection |
| -- | 746806 |
| -- | CBU-SCHOOL OF MEDICINE LIBRARY (Ndola) |
| -- | PS 3515.E37F5 |
| -- | 2 |
| -- | AVAILABLE |
| -- | Sep 21, 2016 |
| -- | 746806 |
| -- | Fiction Collection |
| 999 ## - | |
| -- | 63864 |
| -- | 63864 |
No items available.